000 00431 a2200157 4500
999 _c8466
_d8466
020 _a1561592374
050 _aML 102 LAR 2006
100 _aLarkin, C.
_eEditor
245 _aThe encyclopedia of popular music
264 _aLondon
_bMuze UK Ltd
_c2006
300 _a1600p, 27cm
_bill.
500 _aIncludes indexes and references
650 _aMusic
_xdiscography
700 _aColin Larkin
_eEditor
942 _2lcc
_cBK
_h105
_iLAR
_kML